| 000 | 00510nam a2200205 a 4500 | ||
|---|---|---|---|
| 001 | zaspen b681575 | ||
| 003 | CPomAG | ||
| 005 | 20251205002142.0 | ||
| 008 | 991007s1999 000 0 eng d | ||
| 010 | _a99-6612 | ||
| 020 | _a0764222422 | ||
| 035 | _a33037 | ||
| 040 |
_acip _cNDC |
||
| 100 | 1 | _aAlexander, Hannah. | |
| 245 | 1 | 0 |
_aSacred trust / _cby Hannah Alexander. |
| 260 |
_aMinneapolis, Minn : _bBethany house Publishers, _cc1999. |
||
| 300 | _a346 p. | ||
| 907 | _a.b167773318 | ||
| 942 | _cBK | ||
| 999 |
_c31278 _d31276 |
||